| 000 | 00800nam a2200193 i 4500 | ||
|---|---|---|---|
| 001 | 159613 | ||
| 003 | ES-MaACL | ||
| 005 | 20260306063016.0 | ||
| 008 | 010405s1863 fr |||| | fre d | ||
| 100 | 1 |
_aMichiels, Alfred, _d1813-1892 _9129898 |
|
| 245 | 1 | 0 |
_aHistoire des idées littéraires en France _b: au XIXe siècle et de leurs origines dans les siècles antérieurs / _cpar Alfred Michiels. |
| 250 | _a4e éd. très-augm. et continuée jusqu'en 1861. | ||
| 260 |
_aParis : _bE. Dentu, Éditeur, _c1863 ( _fimprimé chez Bonaventure et Ducessois) |
||
| 300 |
_a2 v. ([4], XII, 544 ; [4], 671 p.) ; _c22 cm. |
||
| 650 | 4 |
_aLiteratura francesa- _xHistoria y crítica _914586 |
|
| 752 |
_aFrancia - _dParís |
||
| 852 |
_aES-MaACL _jG-8309-10 _z- Enc. hol. |
||
| 999 |
_c159613 _d159613 |
||